000
00223nam a2200097Ia 4500
008
230915s9999 xx 000 0 und d
050
_a
QA303.G76 1992
100
_a
STANLEY I.GROSSMAN
245
0
_a
CALCULUS
942
_c
BK
999
_c
187202
_d
187202